000
00253nam a2200097Ia 4500
001
1250448
005
20251031150856.0
008
251031s9999 xx 000 0 und d
245
0
_c
MİGUEL SERRANO
_a
G-2 İKİ DOSTUN HATIRASI
260
_b
DESTEK YAYINLARI
999
_c
1250448
_d
1250448